000 00272nam a22001217a 4500
003 OSt
008 210122b ||||| |||| 00| 0 eng d
082 _a621.6
_bKOV/PU
100 _aKovats
_97292
245 _aPump, fan and compressor
700 _aDesmur
_97293
942 _cBK
999 _c16826
_d16826